000 00634nam a22001937a 4500
003 OSt
005 20140310181712.0
008 121210t xxu||||| |||| 00| 0 eng d
020 _a9715012566
050 _aBT 660
_b.L383 1987
082 _aFIL 231.37
_bL36 1984
100 _aLaurentin, Rene
245 _aIs the Virgin Mary appearing at Medjugorje? :
_ban urgent message for the world given in a Marxist country /
_cRene Laurentin.
260 _aWashington, D.C. :
_bWord Among Us Press,
_c1987.
300 _a169 p. ;
_c23 cm.
_bill. ;
650 _aMariology
_xMary
_xMother of Christ
942 _2lcc
_cBK
_kFIL
999 _c1590
_d1590